000 00476nam a2200181Ia 4500
005 20250508160955.0
008 008 250505s9999 xx 000 0 eng d
037 _aTextual
040 _aFEDL
_beng
_cFEDL
041 _aeng
_2eng
084 _a378, BAR
_qFEDL
100 _aBarbee David E
_9769901
245 0 _aSystems approach to community college education
260 _c1972
300 _a184p.
942 _cTEXL
_h378, BAR
999 _c1367702
_d1367702